El derecho administrativo /

Guardado en:
Autor Principal: Weil, Prosper
Otros Autores: Montezanti, Néstor Luis, (trad.), Pouyaud, Dominique.
Formato: Desconocido
Idioma:Spanish
Publicado: Bahía Blanca : Universidad Nacional del Sur, ediUNS. 2010 :
Edición:1a. ed.
Series:Docencia
Materias:
Etiquetas: Agregar Etiqueta
Sin Etiquetas, Sea el primero en etiquetar este registro!
LEADER 00751nac a22002175a 4500
001 DER.der010530
008 180615s2010####ag#||||||||||||||#||spa||
005 20260414160458.0
245 1 0 |a El derecho administrativo /  |c Prosper Weil, traducido por Néstor Luis Montezanti. 
250 |a 1a. ed. 
260 |a Bahía Blanca :  |b Universidad Nacional del Sur,  |c 2010 :  |b ediUNS. 
300 |a 172 p. 
440 0 |a Docencia 
020 |a 9789871648269 
100 1 |a Weil, Prosper 
700 1 |a Montezanti, Néstor Luis,  |e trad. 
700 1 |a Pouyaud, Dominique. 
650 7 |a DERECHO ADMINISTRATIVO 
859 |a DERECHO  |b BIB. DERECHO  |h 342.06  |i WEI  |p 006460 
859 |a DERECHO  |b BIB. DERECHO  |h 342.06  |i WEI  |p 006626  |t 1 
859 |a DERECHO  |b BIB. DERECHO  |h 342.06  |i WEI  |p 006748  |t 2